|
|
|
|
| LEADER |
01610nam a2200313 a 4500 |
| 001 |
1667205 |
| 008 |
100124s1997 ce ab b i000 0 eng d |
| 010 |
|
|
|a 97906424
|
| 020 |
|
|
|a 9290903422
|
| 040 |
|
|
|a DLC
|c DLC
|d BD-DhAAL
|
| 082 |
0 |
0 |
|a 331.4/83/095492
|2 21
|
| 100 |
1 |
|
|a Jordans, Eva.
|
| 245 |
1 |
2 |
|a A well of one's own :
|b gender analysis of an irrigation program in Bangladesh /
|c Eva Jordans and Margreet Zwarteveen.
|
| 260 |
|
|
|a Colombo :
|b Grameen Krishi Foundation, Bangladesh and International Irrigation Management Institute,
|c 1997.
|
| 300 |
|
|
|a xix, 100 p. :
|b col. ill., map ;
|c 22 cm.
|
| 490 |
0 |
|
|a IIMI country paper, Bangladesh ;
|v no. 1
|
| 504 |
|
|
|a Includes bibliographical references (p. 75-77).
|
| 541 |
1 |
|
|e 00006110
|
| 650 |
|
0 |
|a Women in agriculture
|z Bangladesh
|z Dinājpur District
|x Case studies.
|
| 650 |
|
0 |
|a Women in agriculture
|z Bangladesh
|z Rangpur District
|x Case studies.
|
| 650 |
|
0 |
|a Irrigation farming
|z Bangladesh
|z Dinājpur District
|x Case studies.
|
| 650 |
|
0 |
|a Irrigation farming
|z Bangladesh
|z Rangpur District
|x Case studies.
|
| 700 |
1 |
|
|a Zwarteveen, Margreet.
|
| 710 |
2 |
|
|a Grameen Krishi Foundation (Bangladesh)
|
| 710 |
2 |
|
|a International Irrigation Management Institute.
|
| 852 |
4 |
|
|a Ayesha Abed Library
|j General shelf
|
| 999 |
|
|
|c 7185
|d 7185
|
| 952 |
|
|
|0 0
|1 0
|2 ddc
|4 0
|6 331_483095492000000_JOR_1997
|7 0
|9 7473
|a BRACUL
|b BRACUL
|c GEN
|d 2010-01-26
|l 0
|o 331.483095492 JOR
|p 3010006110
|r 2010-01-26
|t 1
|w 2010-01-26
|y BK
|
| 952 |
|
|
|0 0
|1 0
|2 ddc
|4 0
|6 331_483095492000000_JOR_1997
|7 0
|9 7474
|a BRACUL
|b BRACUL
|c GEN
|d 2010-01-26
|l 0
|o 331.483095492 JOR
|p 3010006314
|r 2010-01-26
|t 2
|w 2010-01-26
|y BK
|